| 000 | 00000nam##2200000za#4500 |
| 001 | 9.570865 |
| 003 | CaOODSP |
| 005 | 20210624182440 |
| 007 | cr ||||||||||| |
| 008 | 150406|2008||||xxc|||||o f|0| 0 eng|d |
| 022 | |a1919-5087 |
| 040 | |aCaOODSP|beng |
| 043 | |an-cn--- |
| 086 | 1 |aFs70-6/2008-052E-PDF |
| 110 | 1 |aCanada. |bDepartment of Fisheries and Oceans. |bPacific Region. |
| 245 | 10|aFramework for characterizing conservation units of Pacific salmon (Oncorhynchus spp.) for implementing the wild salmon policy |h[electronic resource] |
| 246 | 1 |aPacific Region - conservation units of Pacific salmon |
| 260 | |aNanaimo - British Columbia : |bFisheries and Oceans Canada. |cJanuary 2009. |
| 300 | |a11p.|bcoloured maps, figs. (some coloured), references |
| 490 | 1 |aCanadian Science Advisory Secretariat science advisory report |x1919-5087|v2008/052, Pacific Region |
| 590 | |a11-21-Supp|b2011-09-30 |
| 775 | 08|tCadre pour la caractérisation des unités de conservation du saumon du Pacifique (Oncorhynchus spp.) en vue de la mise en oeuvre de la politique concernant le saumon sauvage |w(CaOODSP)9.601510 |
| 830 | #0|aScience advisory report (Canadian Science Advisory Secretariat)|x1919-5087|v2008/052, Pacific Region|w(CaOODSP)9.506226 |
| 856 | 40|ahttp://publications.gc.ca|qPDF|s938 KB|uhttps://publications.gc.ca/collections/collection_2011/mpo-dfo/Fs70-6-2008-052-eng.pdf|y2008/052, Pacific Region |